<?xml version="1.0" encoding="UTF-8"?>
<record
    xmlns:xsi="http://www.w3.org/2001/XMLSchema-instance"
    xsi:schemaLocation="http://www.loc.gov/MARC21/slim http://www.loc.gov/standards/marcxml/schema/MARC21slim.xsd"
    xmlns="http://www.loc.gov/MARC21/slim">

  <leader>00977cam a2200181 a 4500</leader>
  <controlfield tag="001">000012084</controlfield>
  <controlfield tag="005">20200929162704.0</controlfield>
  <controlfield tag="008">830104s1986    cl af         001 0 spa  </controlfield>
  <datafield tag="040" ind1=" " ind2=" ">
    <subfield code="a">DO-SdBNP</subfield>
    <subfield code="b">spa</subfield>
    <subfield code="c">BNPHU</subfield>
  </datafield>
  <datafield tag="082" ind1=" " ind2=" ">
    <subfield code="a">398.20983</subfield>
    <subfield code="b">L683c</subfield>
  </datafield>
  <datafield tag="245" ind1="0" ind2="0">
    <subfield code="a">Leyendas chilenas /</subfield>
    <subfield code="c">recopilaci&#xF3;n de Fernando Emmerich.</subfield>
  </datafield>
  <datafield tag="260" ind1=" " ind2=" ">
    <subfield code="a">Santiago, (Chile) :</subfield>
    <subfield code="b">Andr&#xE9;s Bello,</subfield>
    <subfield code="c">1986.</subfield>
  </datafield>
  <datafield tag="300" ind1=" " ind2=" ">
    <subfield code="a">77 :</subfield>
    <subfield code="b">il. ;</subfield>
    <subfield code="c">16 cm.</subfield>
  </datafield>
  <datafield tag="505" ind1="0" ind2=" ">
    <subfield code="a">El Derrotero del gringo loco / Antonio Landauro - La Tirana del Tamarugal / Fernando Emmerich - Juan Soldado / Antonio Landauro -- El hombre-p&#xE1;jaro / Michel Rougi&#xE9; -- La Laguna del Inca / Tulio Espinosa -- Las Tres Pascualas / Antonio Landauro -- Lican Ray / Carlos Ducci Claro -- Licarayen / Antonio Landauro -- La Pincoya / Vicente Mengod -- El Caleuche / Carlos Ducci Claro -- El arquero del bosque / Enrique Campos Men&#xE9;ndez.</subfield>
  </datafield>
  <datafield tag="650" ind1=" " ind2="4">
    <subfield code="a">Leyendas chilenas</subfield>
    <subfield code="9">28538</subfield>
  </datafield>
  <datafield tag="650" ind1=" " ind2="4">
    <subfield code="a">Literatura chilena</subfield>
    <subfield code="9">3164</subfield>
  </datafield>
  <datafield tag="700" ind1="1" ind2=" ">
    <subfield code="a">Emmerich, Fernando,</subfield>
    <subfield code="d">1932-</subfield>
    <subfield code="9">28539</subfield>
  </datafield>
  <datafield tag="952" ind1=" " ind2=" ">
    <subfield code="0">0</subfield>
    <subfield code="1">0</subfield>
    <subfield code="5">2</subfield>
    <subfield code="7">0</subfield>
    <subfield code="8">MO</subfield>
    <subfield code="a">GR</subfield>
    <subfield code="b">GR</subfield>
    <subfield code="c">CT</subfield>
    <subfield code="d">2009-11-04</subfield>
    <subfield code="i">LF1</subfield>
    <subfield code="l">0</subfield>
    <subfield code="o">398.20983 L683c</subfield>
    <subfield code="p">12084-10</subfield>
    <subfield code="r">2020-06-25</subfield>
    <subfield code="w">2020-06-25</subfield>
    <subfield code="y">2</subfield>
    <subfield code="Z">Pr&#xE9;stamo interno</subfield>
  </datafield>
  <datafield tag="999" ind1=" " ind2=" ">
    <subfield code="c">11750</subfield>
    <subfield code="d">11750</subfield>
  </datafield>
</record>
